01313cam a2200277 a 450000100100000000500170001000800410002702000220006804000230009004300120011308200180012510000300014324501440017326001840031730000170050144000500051865100540056865100560062265100530067865000580073170000290078971000390081891000340085795201290089199900150102000000105920200929145454.0010716m2000 it b 001 0 ita  a8871251903 (v. 3) aDO-SdBNPcDLCdDLC ae-it--- a945.21bL432c1 aLazzarini, Isabella9363610aCarteggio degli oratori mantovani alla corte sforzesca (1450-1500) /cIsabella Lazzarini, coordinación y dirección de Franca Leverotti. aRoma :bMinistero per i beni e le attività culturali, Ufficio centrale per i beni archivistici :bVendita, Istituto poligrafico e Zecca dello Stato, Libreria dello Stato,c2000. av. ;c24 cm. 0aPublicaciones de los Archivos de Estado93637 4aMilán (Italia{Rpara}xHistoriay1492-155993638 4aMilán (Italia{Rpara}xRelaciones Exteriores93639 4aMilán (Italia{Rpara}xCorte Y Cortesanos93640 4aDiplomáticosvCORRESPONDENCIA, MEMORIAS, ETC.936411 aLeverotti, Franca.936422 aArchivio Gonzaga di Mantova.93643 aCatalogación por copia / LC 001052758DSaBNPHUbBNPHUcHDd2009-06-29iLF1l0o945.21 L432cp1059-10r2020-06-25w2020-06-25yLF1ZPréstamo interno c1027d1027